000 00433nam a2200181Ia 4500
001 16298
005 20260306170259.0
008 260306t2013||||xx |||||||||||||| ||und||
041 _aESP
082 _a347.7
_bB64
100 _aBlossiers Mazzini, Juan José
_eAUT
245 0 _aManual de derecho bancario
260 _c2013
300 _a549 páginas :
_c24 cm.
650 _aGEN
654 _aCDE
942 _cLIB
_dJUS
_fJUS
_2ddc
_n
999 _c16298
_d16298